00538nam a2200169Ia 4500003000900000008004100009040001600050080001700066100001800083245008300101260004000184300001500224650004100239650003500280650003100315700002200346IN-BaIIA211028s9999 xx 000 0 eng d cIIA Library a016:524bABT aAbt, Helmut A 0aBibliography of Stellar Radial VelocitiescHelmut A. Abt and Eleanor S. Biggs. aNew YorkbLatham Process Corpc1972 avii, 502p. aAstronomy and Astrophysics Thesaurus aBibliography-Stellar structure aStellar Structure-Velocity aBiggs, Eleanor S.